The Journal of Law & Economics

Detalhes bibliográficos
Formato: Recurso Eletrônico Periódico
Idioma:English
Publicado em: The University of Chicago Press
Assuntos:
Acesso em linha:Full text available on JSTOR[1958-10-01 - 2017-11-01]
Off-campus access
LEADER 01010cas a2200217 a 4500
001 AALejournalJSTOR001096
008 230228c9999 xx r poo 0 0eng d
022 |a 0022-2186 
022 |a 1537-5285 
040 |a BD-DhAAL  |c BD-DhAAL 
245 0 0 |h [electronic resource]  |a The Journal of Law & Economics 
260 |b The University of Chicago Press 
300 |a 1 online resource 
362 0 |a Vol. 1 
500 |a <strong>Off-Campus Access:</strong> Athens ID and Password Required 
500 |a <strong>On-Campus Access:</strong> No User ID or Password Required 
506 |a Electronic access restricted to authorized BRAC University faculty, staff and students 
538 |a Mode of access: Internet 
650 4 |a Business ; Business & Economics ; Economics ; Law 
856 4 0 |z Full text available on JSTOR[1958-10-01 - 2017-11-01]  |u https://www.jstor.org/journal/jlaweconomics 
856 4 0 |z Off-campus access  |u https://go.openathens.net/redirector/bracu.ac.bd?url=https%3A%2F%2Fwww.jstor.org%2Fjournal%2Fjlaweconomics